[Event "BAN-chT2"]
[Site "Dhaka"]
[Date "2016.11.09"]
[Round "7.3"]
[White "Md Abdul, Jalil"]
[Black "Babul, Mollick"]
[Result "0-1"]
[WhiteElo "1880"]
[BlackElo "1776"]
[PlyCount "24"]
[EventDate "2016.11.03"]
[EventType "team-swiss"]
[EventRounds "7"]
[EventCountry "BAN"]
[SourceTitle "CBM 175 Extra"]
[Source "ChessBase"]
[SourceDate "2016.12.12"]
[SourceVersion "1"]
[SourceVersionDate "2016.12.12"]
[SourceQuality "1"]
[WhiteTeam "BCF Sports"]
[BlackTeam "Santinagar"]
[WhiteTeamCountry "BAN"]
[BlackTeamCountry "BAN"]

1. e4 e5 2. Nf3 d6 3. Bc4 Be7 4. b3 Nf6 5. Qe2 0-0 6. h3 c5 7. d3 Nc6 8. Bg5 h6 9. Bh4 Na5 10. Bd5 Nxd5 11. exd5 Bxh4 12. b4 cxb4 0-1

[Event "BAN-chT2"]
[Site "Dhaka"]
[Date "2016.11.04"]
[Round "2.3"]
[White "Nayan Kumar, Mohanto"]
[Black "Md Abdul, Jalil"]
[Result "1-0"]
[WhiteElo "1975"]
[BlackElo "1880"]
[PlyCount "79"]
[EventDate "2016.11.03"]
[EventType "team-swiss"]
[EventRounds "7"]
[EventCountry "BAN"]
[SourceTitle "CBM 175 Extra"]
[Source "ChessBase"]
[SourceDate "2016.12.12"]
[SourceVersion "1"]
[SourceVersionDate "2016.12.12"]
[SourceQuality "1"]
[WhiteTeam "Uttara Central CC"]
[BlackTeam "BCF Sports"]
[WhiteTeamCountry "BAN"]
[BlackTeamCountry "BAN"]

1. d4 e6 2. c4 c6 3. Nc3 Nf6 4. Nf3 d6 5. e4 Be7 6. Bd3 h6 7. 0-0 Qc7 8. Bf4 g5 9. Bxd6 Qxd6 10. e5 Qc7 11. exf6 Bxf6 12. Qe2 g4 13. Ne5 h5 14. Rfe1 Nd7 15. Nxf7 Kxf7 16. Qxe6+ Kg7 17. Ne4 Rh6 18. Nd6 Nf8 19. Ne8+ Kh8 20. Nxc7 Bxe6 21. Nxa8 Bxd4 22. Nc7 h4 23. Nxe6 Nxe6 24. Bf5 Nc5 25. Rad1 Rd6 26. Bxg4 Na4 27. Re8+ Kg7 28. Re7+ Kf6 29. Rxb7 Nc5 30. Rh7 Kg5 31. Bf3 Re6 32. h3 Bxb2 33. Rh5+ Kf6 34. Rxc5 Re7 35. Rxc6+ Kg7 36. Rcd6 Ba3 37. Rd7 Kf6 38. Rxe7 Bxe7 39. Rd7 Bc5 40. Rh7 1-0